000 00616nam a2200229Ia 4500
003 OSt
005 20220925220040.0
006 a|||||r|||| 00| 0
007 ta
008 220923b |||||||| |||| 00| 0 eng d
037 _cGeneral Book
040 _aRTL
_cRTL
_beng
041 _2eng
_aeng
082 _aB245, K5
100 _aStephenson G
_9284073
245 0 _aIntroduction to Matrices, Sets and groups for scie
260 _aLondon
_bLongman
_c1965
300 _axi, 164P
_ccm.
500 _aBib P 155-56
942 _hB245, K5
_cGB
_2CC
999 _c570395
_d570395